Vista normal Vista MARC

Entrada Personal Name

Número de registros utilizados en: 1

001 - CONTROL NUMBER

  • control field: 43886

003 - CONTROL NUMBER IDENTIFIER

  • control field: OSt

005 - DATE AND TIME OF LATEST TRANSACTION

  • control field: 20241016123701.0

008 - FIXED-LENGTH DATA ELEMENTS

  • fixed length control field: 241016|| aca||aabn | a|a d

040 ## - CATALOGING SOURCE

  • Original cataloging agency: OSt
  • Transcribing agency: OSt

100 ## - HEADING--PERSONAL NAME

  • Personal name: Menéndez, Iris

670 ## - SOURCE DATA FOUND

  • Source citation: Work cat.: (OSt)30860: Gordon, Noah. 1926-2021 autor 43885, El médico /, 1996.